| 000 | 00536nam a2200169Ia 4500 | ||
|---|---|---|---|
| 999 |
_c21709 _d21709 |
||
| 003 | OSt | ||
| 005 | 20200615115625.0 | ||
| 008 | 190216s9999||||xx |||||||||||||| ||und|| | ||
| 020 | _a9789350741078 | ||
| 040 | _coclc | ||
| 082 |
_a305.8914 _bPAD/F |
||
| 100 |
_aPadhy, Manmath _92889 |
||
| 245 | 0 |
_aFairs, Festivals And Folk Culture Of Odisha / _cManmath Padhy ; Achintya Mahapatra |
|
| 260 |
_bAbhijeet Publications, _c2014. _aNew Delhi: |
||
| 300 | _a156p | ||
| 942 |
_cBK _2ddc _h305.8914 _iPAD/F _k305.8914 _mPAD/F |
||